| 000 | 00984nas a2200349 4500 | ||
|---|---|---|---|
| 001 | BR2016001902 | ||
| 003 | BR-BrBNA | ||
| 005 | 20231205130335.0 | ||
| 007 | ta | ||
| 008 | 230509b bl.|||p| |||| 00| 00por d | ||
| 040 |
_aBR-BrBNA _bpor _cBiblioteca Nacional de Agricultura |
||
| 041 | _a(En) | ||
| 072 | _aL73 | ||
| 100 | 1 | _aCampos, A.P. | |
| 100 | 1 | _aMiranda, D.F.H. | |
| 100 | 1 | _aAlves, G.B.B. | |
| 100 | 1 | _aCarneiro, M.S. | |
| 100 | 1 | _aPrianti, M.G. | |
| 100 | 1 | _aGonçalves, L.M.F. | |
| 100 | 1 | _aCastro, V. | |
| 100 | 1 | _aCosta, F.A.L. | |
| 245 | 1 | _aThe role of alveolar type II cells in swine leptospirosis | |
| 650 | _aSUÍNO | ||
| 650 | _aLEPTOSPIROSE | ||
| 650 | _aDOENÇA ANIMAL | ||
| 650 | _aPULMÃO | ||
| 650 | _aCELULA | ||
| 650 | _aSORO-AGLUTINAÇÃO | ||
| 773 | 0 |
_tPesquisa Veterinária Brasileira (Brazil) _xISSN 0100-736X _g(Jul 2015), v. 35(7) p. 620-626 _wBR2016001902 |
|
| 909 |
_a202311 _bLúcia _c55 _dLúcia Elande |
||
| 942 |
_2AGRIS _n0 _cANA |
||
| 999 |
_c248932 _d248932 |
||